00720nam a2200157Ia 4500008004100000020001800041050002300059100003300082245008100115250001900196260004100215300001800256500002400274505022100298650004300519120720s1984 mx 000 0 spa d a9789506020231 aLB1027.5bB63 19841 aBohoslavsky, Rodolfo eautor aOrientación vocacionalb : La estrategia clínicac / Rodolfo Bohoslavsky a24a. edición aArgentinab : Nueva Visiónc, 1984 a224 páginas aReimpresión: 2007 aEl marco de referencia El diagnóstico en orientación vocacional La entevista de orientación vocacional La información ocupacional en orientación vocacional La identidad profesional del orientador vocacional10aORIENTACIÓN VOCACIONAL Y PROFESIONAL